Normal view
MARC view
- aishq ka sheen -alim ul haq haqqui
Entry Topical Term
001 - CONTROL NUMBER
- control field: 9248
003 - CONTROL NUMBER IDENTIFIER
- control field: NUST
005 - DATE AND TIME OF LATEST TRANSACTION
- control field: 20180120144815.0
008 - FIXED-LENGTH DATA ELEMENTS
- fixed length control field: 180120|| aca||aabn | a|a d
040 ## - CATALOGING SOURCE
- Original cataloging agency: NUST
- Transcribing agency: NUST
150 ## - HEADING--TOPICAL TERM
- Topical term or geographic name entry element: aishq ka sheen -alim ul haq haqqui
670 ## - SOURCE DATA FOUND
- Source citation: Work cat.: (NUST)327567: Aleem ul Haq Haqqi 1182, Ishq Ka Sheen Vol 5, 2012
